| 000 | 00717nam a2200229Ia 4500 | ||
|---|---|---|---|
| 003 | BUBTL | ||
| 008 | 151213s9999 xx 000 0 und d | ||
| 020 | _a0-03-097646-4 | ||
| 082 | _a658.049/CZI | ||
| 100 |
_aCzinkota, Michael R. _93814 |
||
| 245 |
_aInternational Business _cMichael R. Czinkota, IIkka A. Ronkainen and Michael H. Moffett |
||
| 250 | _a3rd | ||
| 260 |
_aNew York _bDryden _cc1994 |
||
| 300 |
_a[xxiv] , 748p . : _bill . ; 25cm. |
||
| 500 | _aIncludes Index | ||
| 650 |
_aBusiness _93815 |
||
| 650 |
_aManagement _93816 |
||
| 700 |
_aMichael R. Czinkota, IIkka A. Ronkainen and Michael H. Moffett _93817 |
||
| 856 |
_k0 _l0 _yDownload |
||
| 942 |
_2ddc _cBK |
||
| 999 |
_c1792 _d1792 |
||